Vajon transzcendentálé-e a szép a skolasztikus bölcseletben?
Elmentve itt :
| Szerző: | |
|---|---|
| Adatforrás: | Philobibl |
| Forrásdokumentuma: | Vigilia 72.2007:9. p. 704-710. |
| Dokumentumtípus: | Cikk |
| Nyelv: | magyar |
| Kulcsszavak: | skolasztika esztétika valláselmélet létezés |
| Megjelent: |
2007
|
| LEADER | 00439nab a2200157 c 4500 | ||
|---|---|---|---|
| 001 | bibPHI0032045 | ||
| 005 | 20200924122958.5 | ||
| 008 | 080410s2007 hu hun | ||
| 100 | 1 | |a Cseke Ákos | |
| 245 | 1 | 0 | |a Vajon transzcendentálé-e a szép a skolasztikus bölcseletben? |c Cseke Ákos |
| 260 | |a 2007 | ||
| 695 | |a skolasztika | ||
| 695 | |a esztétika | ||
| 695 | |a valláselmélet | ||
| 695 | |a létezés | ||
| 773 | 0 | |t Vigilia |g 72.2007:9. p. 704-710. | |